Top 100 Record Producers - Statistics

General Stats
  • This quiz has been taken 15 times
  • The average score is 9 of 100
Answer Stats
Song Answer % Correct
Michael Jackson – Billy Jean Quincy Jones
92%
Snoop Dogg – Gin and Juice Dr. Dre
62%
David Bowie – Heroes Brian Eno
38%
The Beatles – Yesterday George Martin
38%
Pink – So What Max Martin
38%
Amy Winehouse – Back to Black Mark Ronson
31%
The Ronettes – Be My Baby Phil Spector
31%
Wu-Tang Clan – C.R.E.A.M. RZA
31%
Nirvana – Heart-Shaped Box Steve Albini
31%
The Beach Boys – Good Vibrations Brian Wilson
23%
Nirvana – Smells Like Teen Spirit Butch Vig
23%
Nas – N.Y. State of Mind DJ Premier
23%
Run the Jewels – Legend Has It El-P
23%
The Eagles – Desperado Glyn Johns
23%
Nas – The World Is Yours Pete Rock
23%
The Notorious B.I.G. – Hypnotize Sean Combs
23%
Freddie Gibbs – 1985 The Alchemist
23%
Bob Dylan – Like a Rolling Stone Tom Wilson
23%
Cheryl – Call My Name Calvin Harris
15%
Gnarls Barkley – Crazy Danger Mouse
15%
U2 – Zoo Station Daniel Lanois
15%
Mobb Deep – Shook Ones, Part II Havoc
15%
Common – The Light J Dilla
15%
Jay-Z – Takeover Kanye West
15%
A Tribe Called Quest – Electric Relaxation Q-Tip
15%
Jay-Z – 99 Problems Rick Rubin
15%
David Bowie – Beauty and the Beast Tony Visconti
15%
The Black Eyed Peas – Hey Mama will.i.am
15%
Erykah Badu – Honey 9th Wonder
8%
Sabrina Carpenter – Please Please Please Jack Antonoff
8%
U2 – Desire Jimmy Iovine
8%
Shakira – She Wolf John Hill
8%
Muse – Sunburn John Leckie
8%
Jay-Z – Girls, Girls, Girls Just Blaze
8%
Christina Aguilera – Beautiful Linda Perry
8%
Madvillain – Accordion Madlib
8%
Enrique Iglesias – Hero Mark Taylor
8%
Future – Mask Off Metro Boomin
8%
Radiohead – Paranoid Android Nigel Godrich
8%
Nas – Daughters No I.D.
8%
Lady Gaga – Alejandro RedOne
8%
Queen – Bohemian Rhapsody Roy Thomas Baker
8%
Talking Heads – Blind Steve Lillywhite
8%
Van Halen – Jump Ted Templeman
8%
Jay-Z – Big Pimpin’ Timbaland
8%
Migos – Versace Zaytoven
8%
Drake – Headlines 40
0%
Bee Gees – Jive Talkin’ Arif Mardin
0%
Lil Wayne – A Milli Bangladesh
0%
Alice Cooper – Halo of Flies Bob Ezrin
0%
Dolly Parton – Jolene Bob Ferguson
0%
Rage Against the Machine – Guerrilla Radio Brendan O'Brien
0%
Bon Jovi – Bad Medicine Bruce Fairbairn
0%
Big L – Put It On Buckwild
0%
Olivia Rodrigo – Good 4 U Dan Nigro
0%
Whitney Houston – I Will Always Love You David Foster
0%
Cypress Hill – Insane in the Brain DJ Muggs
0%
2Pac – Heartz of Men DJ Quik
0%
T.I. – What You Know DJ Toomp
0%
Avril Lavigne – Girlfriend Dr. Luke
0%
2Pac – Temptations Easy Mo Bee
0%
Kiss – Hard Luck Woman Eddie Kramer
0%
Boney M. – Rasputin Frank Farian
0%
Adele – Hello Greg Kurstin
0%
David Bowie – Space Oddity Gus Dudgeon
0%
Drake – Trophies Hit-Boy
0%
Dua Lipa – New Rules Ian Kirkpatrick
0%
Electric Light Orchestra – Mr. Blue Sky Jeff Lynne
0%
Aretha Franklin – Respect Jerry Wexler
0%
The Rolling Stones – Gimme Shelter Jimmy Miller
0%
Lorde – Royals Joel Little
0%
Scorpions – Wind of Change Keith Olsen
0%
David Bowie – Starman Ken Scott
0%
Nas – It Ain’t Hard to Tell Large Professor
0%
Ciara – Goodies Lil Jon
0%
The Notorious B.I.G. – Suicidal Thoughts Lord Finesse
0%
Lil Wayne – Go D.J. Mannie Fresh
0%
LL Cool J – Mama Said Knock You Out Marley Marl
0%
Guns N' Roses – November Rain Mike Clink
0%
Kylie Minogue – Spinning Around Mike Spencer
0%
AC/DC – Back in Black Mutt Lange
0%
No Doubt – It's My Life Nellee Hooper
0%
Madonna – Like a Virgin Nile Rodgers
0%
The Doors – Strange Days Paul A. Rothchild
0%
Adele – Skyfall Paul Epworth
0%
Goo Goo Dolls – Iris Rob Cavallo
0%
Jennifer Lopez – If You Had My Love Rodney Jerkins
0%
Amy Winehouse – In My Bed Salaam Remi
0%
R.E.M. – Losing My Religion Scott Litt
0%
50 Cent – Candy Shop Scott Storch
0%
Madonna – Vogue Shep Pettibone
0%
Jay-Z – Dead Presidents Ski Beatz
0%
Blur – Girls & Boys Stephen Street
0%
Sean Paul – Get Busy Steven Marsden
0%
Kylie Minogue – I Should Be So Lucky Stock Aitken Waterman
0%
DMX – Ruff Ryders' Anthem Swizz Beatz
0%
Beyoncé – My House The-Dream
0%
J. Cole – Middle Child T-Minus
0%
t.A.T.u. – All the Things She Said Trevor Horn
0%
Mariah Carey – Touch My Body Tricky Stewart
0%
No matching quizzes found
Score Distribution
Percent of People with Each Score
Percentile by Number Answered
Your Score History
You have not taken this quiz